Restitución de tierras en Colombia : (Registro nro. 7152)

Detalles MARC
000 -LEADER
fixed length control field 01415nam a22002417a 4500
003 - CONTROL NUMBER IDENTIFIER
control field OSt
005 - DATE AND TIME OF LATEST TRANSACTION
control field 20210210173353.0
008 - FIXED-LENGTH DATA ELEMENTS--GENERAL INFORMATION
fixed length control field 210210s2016 ck ||||gr|||| 00| 0 spa d
020 ## - INTERNATIONAL STANDARD BOOK NUMBER
International Standard Book Number 9789586442169
040 ## - CATALOGING SOURCE
Original cataloging agency CO-JMCR
Transcribing agency CO-JMCR
041 0# - LANGUAGE CODE
Language code of text/sound track or separate title spa
082 04 - DEWEY DECIMAL CLASSIFICATION NUMBER
Classification number 333.7309861 /
Item number M843r
Edition number 23
100 1# - MAIN ENTRY--PERSONAL NAME
Personal name Moreno, Tulia,
Relator term autora
9 (RLIN) 13287
245 10 - TITLE STATEMENT
Title Restitución de tierras en Colombia :
Remainder of title análisis y estudio de caso /
Statement of responsibility, etc. Tulia Moreno, Javier Lautaro Medina, Adriana Patricia Fuentes, [y 1 más].
260 ## - PUBLICATION, DISTRIBUTION, ETC.
Place of publication, distribution, etc. Bogotá :
Name of publisher, distributor, etc. CInep,
Date of publication, distribution, etc. 2016
300 ## - PHYSICAL DESCRIPTION
Extent 262 páginas ;
Dimensions 23 cm.
505 0# - FORMATTED CONTENTS NOTE
Formatted contents note El toco: la alianza entre funcionarios y paramilitares para despojar -- La secreta: reparación integral y restitución de tierras a niños, niñas y adolescentes en la Ley 1448 de 2011 -- Ni vencedores ni vencidos: restitución de tierras en el Alto de Tillavá -- Restitución de derechos territoriales a comunidades étnicas: el asentamiento Wayúu de nuevo espinal -- El enfoque de género en la restitución de tierras -- Reflexión sobre restitución de tierras y minería -- Restitución y derecho a la tierra: un análisis desde la noción de Unidad Agrícola Familiar
650 24 - SUBJECT ADDED ENTRY--TOPICAL TERM
Topical term or geographic name entry element Restitución de tierras
Geographic subdivision Colombia
9 (RLIN) 13288
650 24 - SUBJECT ADDED ENTRY--TOPICAL TERM
Topical term or geographic name entry element Derechos sobre la tierra
Geographic subdivision Colombia
9 (RLIN) 13289
700 1# - ADDED ENTRY--PERSONAL NAME
Personal name Lautaro Medina, Javier,
Relator term autor
9 (RLIN) 9985
700 1# - ADDED ENTRY--PERSONAL NAME
Personal name Fuentes, Adriana Patricia,
Relator term autora
9 (RLIN) 13290
942 ## - ADDED ENTRY ELEMENTS (KOHA)
Source of classification or shelving scheme Dewey Decimal Classification
Koha item type Books
Existencias
Withdrawn status Lost status Source of classification or shelving scheme Damaged status Not for loan Home library Current library Shelving location Date acquired Source of acquisition Total Checkouts Full call number Barcode Date last seen Copy number Price effective from Koha item type
    Dewey Decimal Classification     Biblioteca Pública José María del Castillo y Rada Biblioteca Pública José María del Castillo y Rada General Stacks 10/02/2020 Donación   333.7309861 / M843r 201810434 05/16/2024 Ej.1 10/02/2020 Books